মৃত্যুর অধিক লাল ক্ষুধা / (Record no. 40065)
[ view plain ]
| 000 -LEADER | |
|---|---|
| fixed length control field | 00811nam a2200229 a 4500 |
| 001 - CONTROL NUMBER | |
| control field | 40065 |
| 003 - CONTROL NUMBER IDENTIFIER | |
| rucl marc code | BD-RjUL |
| 005 - DATE AND TIME OF LATEST TRANSACTION | |
| control field | 20211209053128.0 |
| 008 - FIXED-LENGTH DATA ELEMENTS--GENERAL INFORMATION | |
| fixed length control field | 160421s1977 bg ||||| |||| 00| 0 ben d |
| 020 ## - INTERNATIONAL STANDARD BOOK NUMBER | |
| Terms of availability | : Tk. 10.00 |
| 035 ## - SYSTEM CONTROL NUMBER | |
| System control number | (BD-RjUL) |
| 040 ## - CATALOGING SOURCE | |
| Original cataloging agency | BD-RjUL |
| Language of cataloging | ben |
| Transcribing agency | BD-RjUL |
| 041 ## - LANGUAGE CODE | |
| Language code of text/sound track or separate title | ben |
| 082 ## - DEWEY DECIMAL CLASSIFICATION NUMBER | |
| Edition number | 23 |
| Classification number | 891.443 |
| Author mark and year | SYM 1977 |
| 100 ## - MAIN ENTRY--PERSONAL NAME | |
| Personal name | সৈয়দ, আবদুর মান্নান |
| 9 (RLIN) | 123378 |
| 245 10 - TITLE STATEMENT | |
| Title | মৃত্যুর অধিক লাল ক্ষুধা / |
| Statement of responsibility, etc. | আবদুর মান্নান সৈয়দ |
| 260 ## - PUBLICATION, DISTRIBUTION, ETC. (IMPRINT) | |
| Place of publication, distribution, etc. | ঢাকা : |
| Name of publisher, distributor, etc. | মুক্তধারা, |
| Date of publication, distribution, etc. | ১৯৭৭ |
| 300 ## - PHYSICAL DESCRIPTION | |
| Pagination | ১৪৯ পৃ. ; |
| Size | ২১ সেমি. |
| 650 ## - SUBJECT ADDED ENTRY--TOPICAL TERM | |
| Topical term or geographic name as entry element | বাংলা ছোট গল্প |
| 9 (RLIN) | 121085 |
| Topical term or geographic name as entry element | Bengali Short Stories |
| 9 (RLIN) | 123379 |
| 942 ## - ADDED ENTRY ELEMENTS (KOHA) | |
| Source of classification or shelving scheme | Dewey Decimal Classification |
| Koha item type | Books |
| Lost status | Source of classification or shelving scheme | Damaged status | Not for loan | Collection code | Permanent Location | Current Location | Shelving location | Date acquired | Source of acquisition | Cost, normal purchase price | Total Checkouts | Full call number | Date last seen | Copy number | Koha item type |
|---|---|---|---|---|---|---|---|---|---|---|---|---|---|---|---|
| Dewey Decimal Classification | Fiction | Central Library, University of Rajshahi | Central Library, University of Rajshahi | 02/06/1983 | Muktadhara, Dhaka | 10.00 | B 891.443 SYM 1977 | 21/04/2016 | C-2 | Books |